| 000 | 00691cab a2200241 4500 | ||
|---|---|---|---|
| 001 | X91199 | ||
| 008 | 090401t1998 xxu||||| |||| 00| 0 eng d | ||
| 035 | _a(Sirsi) u85664 | ||
| 041 | _aeng | ||
| 245 | _aPlanning permission | ||
| 260 | _c1998 | ||
| 350 | _a0 | ||
| 490 |
_aEstates Gazette Case Summaries _v[1998] EGCS 53 (11/4/98) |
||
| 520 | _a"R v Flintshire County Council ex p. Somerfield Stores Ltd". QBD 19 March 1998. | ||
| 650 | _aENFORCEMENT NOTICE | ||
| 650 | _aPLANNING PERMISSION | ||
| 650 | _aROUNDABOUT | ||
| 650 | _aTOWN AND COUNTRY PLANNING ACT 1990 | ||
| 650 | _aTRAFFIC | ||
| 690 | _aPLANNING LAW AND PRACTICE-CASE LAW | ||
| 942 | _n0 | ||
| 948 | _c17/04/1998 | ||
| 999 |
_c53880 _d53880 |
||